[Event "Avoine op 21th"]
[Site "Avoine"]
[Date "2006.07.22"]
[Round "1"]
[White "Delaruelle, Christian"]
[Black "Eshghabadi, Asghar"]
[Result "1-0"]
[WhiteElo "1979"]
[BlackElo "1875"]
[PlyCount "77"]
[EventDate "2006.07.22"]
[EventType "swiss"]
[EventRounds "9"]
[EventCountry "FRA"]
[SourceTitle "EXT 2007"]
[Source "ChessBase"]
[SourceDate "2006.11.23"]
[SourceVersion "1"]
[SourceVersionDate "2006.11.23"]
[SourceQuality "1"]

1. e4 Nf6 2. Nc3 d5 3. d4 dxe4 4. f3 exf3 5. Qxf3 e6 6. Bd3 Nc6 7. Nge2 Bb4 8. 0-0 Nxd4 9. Nxd4 Qxd4+ 10. Be3 Qd7 11. Rad1 Bxc3 12. bxc3 Qc6 13. Qg3 Bd7 14. Rb1 a6 15. Rb4 b5 16. c4 Qd6 17. Qxg7 0-0-0 18. c5 Qe7 19. Qxf6 Qxf6 20. Rxf6 Be8 21. Rd4 h5 22. Rxd8+ Kxd8 23. a4 Ke7 24. Rh6 Rxh6 25. Bxh6 e5 26. axb5 Bxb5 27. Kf2 Ke6 28. Ke3 f5 29. g3 Bxd3 30. Kxd3 Kd5 31. Be3 a5 32. c4+ Kc6 33. Kc3 f4 34. gxf4 exf4 35. Bxf4 Kxc5 36. Bxc7 a4 37. Ba5 h4 38. Bb4+ Kc6 39. Kd4 1-0